| 000 | 01107nam a22002177a 4500 | ||
|---|---|---|---|
| 005 | 20250710161223.0 | ||
| 008 | 250710t2024 xxk|||||o||||o00| 0 eng d | ||
| 245 |
_aRegulation of estate agents _ba research briefing _h[Electronic resource] |
||
| 260 |
_aLondon, _bHouse of Commons Library, _c8 July 2025 |
||
| 490 |
_aResearch Briefing _v6900 |
||
| 520 | _aA House of Commons Library research briefing provides an outline of the current regulation of estate agents. It also looks at past market studies and consultations and considers in detail proposals to tighten regulation. | ||
| 520 | _aReferences the RICS Carsberg Review and other calls by the RICS for tighter regulation | ||
| 650 | _aESTATE AGENTS | ||
| 650 | _aDigital Markets, Competition and Consumers Act 2024 | ||
| 650 | _aEstate Agents Act 1979 | ||
| 690 |
_aProperty management _96262 |
||
| 700 | _aConway, Lorraine | ||
| 710 |
_91448 _aParliament. House of Commons. Library |
||
| 856 |
_uhttps://researchbriefings.files.parliament.uk/documents/SN06900/SN06900.pdf _zAvailable online at the House of Commons Library |
||
| 942 | _2ddc | ||
| 999 |
_c122197 _d122197 |
||